[Event "Bezirksliga Oberbayern 1819"]
[Site "Bayern"]
[Date "2019.03.24"]
[Round "8.4"]
[White "Semmler, Dominik"]
[Black "Zell, Guenther"]
[Result "1-0"]
[WhiteElo "1959"]
[BlackElo "1854"]
[PlyCount "99"]
[EventDate "2018.10.21"]
[EventType "team-tourn"]
[EventRounds "9"]
[EventCountry "GER"]
[SourceTitle "EXT 2022"]
[Source "ChessBase"]
[SourceDate "2021.10.06"]
[SourceVersion "1"]
[SourceVersionDate "2021.10.06"]
[SourceQuality "1"]
[WhiteTeam "Moosburg SC"]
[BlackTeam "Germering II"]
[WhiteTeamCountry "GER"]
[BlackTeamCountry "GER"]

1. e4 c6 2. Nc3 d5 3. Nf3 Bg4 4. h3 Bxf3 5. Qxf3 e6 6. Be2 Nd7 7. d4 dxe4 8. Nxe4 Ngf6 9. c3 Nxe4 10. Qxe4 Nf6 11. Qf3 Qd5 12. 0-0 Qxf3 13. Bxf3 Be7 14. c4 0-0 15. Be3 Rfd8 16. Rab1 a5 17. Rfd1 Rd7 18. Kf1 Rad8 19. Ke2 Kf8 20. g4 Rc8 21. Rd3 b5 22. Rc1 b4 23. Rcd1 h6 24. R1d2 Ne8 25. d5 exd5 26. cxd5 c5 27. g5 f5 28. gxf6 Nxf6 29. d6 Bd8 30. Rc2 Bb6 31. Rc4 Kf7 32. h4 Kf8 33. Bg2 Re8 34. Bc6 Re6 35. Bxd7 Nxd7 36. f4 Kf7 37. Kf3 Kf6 38. b3 Kf7 39. Rd5 Kf6 40. Bc1 Kf7 41. Bb2 Bd8 42. h5 Nb6 43. Rf5+ Kg8 44. Rcxc5 Rxd6 45. Rxa5 Rd2 46. Bc1 Rd3+ 47. Ke2 Rh3 48. Ra7 Rh2+ 49. Kd3 Rh3+ 50. Be3 1-0

[Event "Bezirksliga Oberbayern 1819"]
[Site "Bayern"]
[Date "2018.11.11"]
[Round "2.3"]
[White "Semmler, Dominik"]
[Black "Besner, Bernhard"]
[Result "1/2-1/2"]
[WhiteElo "1959"]
[BlackElo "2132"]
[PlyCount "103"]
[EventDate "2018.10.21"]
[EventType "team-tourn"]
[EventRounds "9"]
[EventCountry "GER"]
[SourceTitle "EXT 2022"]
[Source "ChessBase"]
[SourceDate "2021.10.06"]
[SourceVersion "1"]
[SourceVersionDate "2021.10.06"]
[SourceQuality "1"]
[WhiteTeam "Moosburg SC"]
[BlackTeam "Freilassing"]
[WhiteTeamCountry "GER"]
[BlackTeamCountry "GER"]

1. e4 d5 2. exd5 Qxd5 3. Nc3 Qa5 4. d4 Nf6 5. Bc4 Bf5 6. Nf3 e6 7. Bd2 Bb4 8. a3 Bxc3 9. Bxc3 Qb6 10. b3 Nc6 11. 0-0 0-0 12. Qe2 Rad8 13. Rad1 Nd5 14. Bb2 h6 15. h3 Rfe8 16. Rd2 Nce7 17. Ne5 Ng6 18. Nxg6 Bxg6 19. Qf3 c6 20. Bd3 Ne7 21. Bxg6 Nxg6 22. Rfd1 Qa5 23. c4 Qg5 24. g3 Nh4 25. Qc3 e5 26. Kh2 exd4 27. Rxd4 Rxd4 28. Rxd4 Qf6 29. Rf4 Qxc3 30. Bxc3 Ng6 31. Rd4 b6 32. Kg2 Re7 33. Rd8+ Kh7 34. Kf3 f6 35. a4 c5 36. Rd6 Nh8 37. Rd5 Nf7 38. h4 Nh8 39. a5 Ng6 40. axb6 axb6 41. h5 Nf8 42. b4 Nd7 43. bxc5 bxc5 44. Kg2 Nb6 45. Rf5 Na4 46. Bd2 Re4 47. Rf4 Rxf4 48. Bxf4 g6 49. hxg6+ Kxg6 50. Kf3 f5 51. Be3 Nb2 52. Bxc5 1/2-1/2

[Event "Oberbayern Bezirksliga 1617"]
[Site "Germany"]
[Date "2017.04.30"]
[Round "9.5"]
[White "Fuchs, Martin"]
[Black "Semmler, Dominik"]
[Result "1/2-1/2"]
[WhiteElo "2027"]
[BlackElo "1938"]
[PlyCount "73"]
[EventDate "2016.10.16"]
[EventType "team-tourn"]
[EventRounds "9"]
[EventCountry "GER"]
[SourceTitle "EXT 2019"]
[Source "ChessBase"]
[SourceDate "2018.10.10"]
[SourceVersion "1"]
[SourceVersionDate "2018.10.10"]
[SourceQuality "1"]
[WhiteTeam "Starnberg"]
[BlackTeam "Moosburg SC"]
[WhiteTeamCountry "GER"]
[BlackTeamCountry "GER"]

1. e4 e5 2. Nf3 Nc6 3. Bb5 a6 4. Ba4 Nf6 5. Qe2 Be7 6. 0-0 b5 7. Bb3 0-0 8. c3 d5 9. exd5 Nxd5 10. a4 Rb8 11. axb5 axb5 12. d4 exd4 13. Qe4 Be6 14. Ra6 Rb6 15. Rxb6 cxb6 16. cxd4 Qd6 17. Rd1 Nf6 18. Qd3 Ng4 19. Qc3 Bf5 20. d5 Na5 21. Bc2 Rc8 22. Bxf5 Rxc3 23. Nxc3 Ne5 24. Nd4 b4 25. Ndb5 Qf6 26. d6 bxc3 27. dxe7 Qxe7 28. bxc3 g6 29. Ba3 Qe8 30. Nc7 Qb8 31. Ne6 fxe6 32. Bxe6+ Kg7 33. Bd6 Qe8 34. Bxe5+ Kh6 35. Bf4+ Kg7 36. Be5+ Kh6 37. Bf4+ 1/2-1/2

[Event "Landesliga U20 Sued 1617"]
[Site "Bayern"]
[Date "2016.12.10"]
[Round "3.2"]
[White "Bogner, Simon"]
[Black "Semmler, Dominik"]
[Result "0-1"]
[WhiteElo "1639"]
[BlackElo "1938"]
[PlyCount "132"]
[EventDate "2016.11.12"]
[EventType "team-tourn"]
[EventRounds "7"]
[EventCountry "GER"]
[SourceTitle "EXT 2022"]
[Source "ChessBase"]
[SourceDate "2021.10.06"]
[SourceVersion "1"]
[SourceVersionDate "2021.10.06"]
[SourceQuality "1"]
[WhiteTeam "Buchloe U20"]
[BlackTeam "Moosburg SC U20"]
[WhiteTeamCountry "GER"]
[BlackTeamCountry "GER"]

1. e4 e5 2. Nf3 Nc6 3. Bb5 a6 4. Ba4 Nf6 5. 0-0 Be7 6. Re1 b5 7. Bb3 d6 8. h3 0-0 9. c3 Nb8 10. d4 Nbd7 11. Nbd2 Bb7 12. Bc2 Re8 13. Nf1 Bf8 14. Ng3 g6 15. Bg5 h6 16. Bd2 Bg7 17. a4 c5 18. d5 c4 19. Be3 Qc7 20. Qd2 Kh7 21. Ra3 Nc5 22. axb5 axb5 23. Rea1 Nfd7 24. Nh2 Rxa3 25. Rxa3 Ra8 26. Rxa8 Bxa8 27. Qd1 Qa5 28. Qb1 Bb7 29. Ne2 Bc8 30. Nc1 Na6 31. Qa2 Qxa2 32. Nxa2 Ndc5 33. Nf1 f5 34. f3 Bd7 35. Nd2 h5 36. b3 cxb3 37. Nxb3 Bh6 38. Bf2 Nxb3 39. Bxb3 Nc5 40. Bc2 Kg7 41. Kf1 Kf6 42. Bh4+ g5 43. Bf2 g4 44. hxg4 hxg4 45. Ke2 gxf3+ 46. gxf3 fxe4 47. Bxe4 Nxe4 48. fxe4 Bg4+ 49. Kd3 Bh3 50. Be3 Bf1+ 51. Kd2 Bf8 52. Nc1 Kg6 53. Nd3 Kh5 54. Nf2 Kh4 55. Nd1 Be7 56. Nf2 Kg3 57. Nd1 Kf3 58. Nf2 Bh4 59. Nd3 Kxe4 60. Nb4 Bc4 61. Bb6 Bg5+ 62. Kc2 Bxd5 63. Nxd5 Kxd5 64. Kd3 e4+ 65. Ke2 Kc4 66. Bd4 b4 0-1

[Event "Oberbayern Bezirksliga 1617"]
[Site "Germany"]
[Date "2016.10.16"]
[Round "1.5"]
[White "Semmler, Dominik"]
[Black "Engelhardt, Etienne"]
[Result "0-1"]
[WhiteElo "1938"]
[BlackElo "1979"]
[PlyCount "130"]
[EventDate "2016.10.16"]
[EventType "team-tourn"]
[EventRounds "9"]
[EventCountry "GER"]
[SourceTitle "EXT 2019"]
[Source "ChessBase"]
[SourceDate "2018.10.10"]
[SourceVersion "1"]
[SourceVersionDate "2018.10.10"]
[SourceQuality "1"]
[WhiteTeam "Moosburg SC"]
[BlackTeam "Traunstein/Traunreut"]
[WhiteTeamCountry "GER"]
[BlackTeamCountry "GER"]

1. e4 c6 2. Nc3 d5 3. Nf3 dxe4 4. Nxe4 Bg4 5. h3 Bxf3 6. Qxf3 e6 7. Bc4 Nf6 8. 0-0 Nbd7 9. d4 Nxe4 10. Qxe4 Nf6 11. Qh4 Be7 12. c3 Qb6 13. Qg3 Rg8 14. Re1 0-0-0 15. b4 Bxb4 16. Rb1 Bd6 17. Qd3 Qa5 18. Re2 Rd7 19. Reb2 Rgd8 20. Bd2 h6 21. Qf3 Qh5 22. g4 Qa5 23. Bd3 Qd5 24. Qe2 b6 25. Be3 Qa5 26. c4 c5 27. Rb5 Qa6 28. dxc5 Bxc5 29. Bc2 Bxe3 30. Qxe3 Rd2 31. Qb3 Nd7 32. c5 Nxc5 33. Qf3 Rxc2 34. Qc6+ Kb8 35. Rxb6+ axb6 36. Rxb6+ Nb7 37. Rxa6 Rxc6 38. Rxc6 Rd7 39. Kg2 Rd4 40. Kg3 Ra4 41. Rc2 Na5 42. h4 Kb7 43. g5 h5 44. Rc3 Rxa2 45. Rf3 Rc2 46. Rxf7+ Rc7 47. g6 Nc6 48. Kf4 Ne7 49. Kg5 Rc5+ 50. Kf4 Rc7 51. Kg5 Rc5+ 52. Kf4 Rf5+ 53. Ke4 Rxf7 54. gxf7 Ng6 55. f4 Kc7 56. f5 exf5+ 57. Kxf5 Nf8 58. Kg5 Kd7 59. Kxh5 Ke7 60. Kg5 Kxf7 61. h5 Kg8 62. Kf5 Kh7 63. Kg5 Nd7 64. Kg4 Kh6 65. Kh4 Nf6 0-1